000 00672nam a2200193 4500
001 136041
003 ES-MaACL
005 20230906195024.0
007 t|
008 070214s1946 sp r ||||1| spa d
100 1 _aRuiz Manent, José María.
_9100858
245 1 3 _aEl futuro derecho de asociación laboral /
_cpor José María Ruiz Manent.
260 _aMadrid :
_b[Escuela Social de Madrid],
_c1946 (
_fF. Domenech)
300 _a23 p. ;
_c24 cm.
594 _aPrecede al tít.: Ministerio de Trabajo. Escuela Social de Madrid.
650 4 _aLibertad de asociación-
_zEspaña.
_914402
710 2 _aEscuela Social de Madrid.
_93593
852 _aES-MaACL
_j1865-F-15
999 _c136041
_d136041